Fundamentals of investing (Record no. 258622)
[ view plain ]
| 000 -LEADER | |
|---|---|
| fixed length control field | 00232nam a22000977a 4500 |
| 020 ## - INTERNATIONAL STANDARD BOOK NUMBER | |
| ISBN | 9780555008164 |
| 245 ## - TITLE STATEMENT | |
| Title | Fundamentals of investing |
| 250 ## - EDITION STATEMENT | |
| Edition statement | 6TH ED |
| 260 ## - PUBLICATION, DISTRIBUTION, ETC. (IMPRINT) | |
| Place of publication | Boston,Massachusetts |
| Name of publisher | Addison -Wesley |
| Year of publication | 2008 |
| 942 ## - ADDED ENTRY ELEMENTS (KOHA) | |
| Koha item type | Long Loan Books |
| Withdrawn status | Lost status | Collection code | Home library | Current library | Shelving location | Date acquired | Full call number | Accession Number | Koha item type |
|---|---|---|---|---|---|---|---|---|---|
| Non-fiction | Rongo University Library | Rongo University Library | General Stacks | 22/06/2020 | HG4521 .G547 2008 | 201616368 | Long Loan Books |
